MARC details
| 000 -LEADER |
| fixed length control field |
01478nam a2200349Ia 4500 |
| 001 - CONTROL NUMBER |
| control field |
sjdsz9mscp b2166514 |
| 003 - CONTROL NUMBER IDENTIFIER |
| control field |
sjds |
| 005 - DATE AND TIME OF LATEST TRANSACTION |
| control field |
20180826181852.0 |
| 007 - PHYSICAL DESCRIPTION FIXED FIELD--GENERAL INFORMATION |
| fixed length control field |
ss lunjlcnunue |
| 008 - FIXED-LENGTH DATA ELEMENTS--GENERAL INFORMATION |
| fixed length control field |
030603t19911991nyua j 000 1 spa d |
| 020 ## - INTERNATIONAL STANDARD BOOK NUMBER |
| International Standard Book Number |
0590453076 (pbk.) |
| Qualifying information |
paperback |
| 020 ## - INTERNATIONAL STANDARD BOOK NUMBER |
| International Standard Book Number |
9780590453073 (pbk.) |
| 040 ## - CATALOGING SOURCE |
| Original cataloging agency |
EXR |
| Language of cataloging |
eng |
| Transcribing agency |
EXR |
| Modifying agency |
COG |
| 041 1# - LANGUAGE CODE |
| Language code of text/sound track or separate title |
spa |
| Language code of original |
eng |
| 092 ## - LOCALLY ASSIGNED DEWEY CALL NUMBER (OCLC) |
| Classification number |
jKIT |
| Item number |
SPANISH |
| 100 1# - MAIN ENTRY--PERSONAL NAME |
| Personal name |
Crews, Donald. |
| Authority record control number |
http://id.loc.gov/authorities/names/n79059846. |
| 240 10 - UNIFORM TITLE |
| Uniform title |
<a href="School bus.">School bus.</a> |
| Language of a work |
Spanish |
| Authority record control number |
http://id.loc.gov/authorities/names/no2009055089. |
| 245 13 - TITLE STATEMENT |
| Title |
El autobus escolar / |
| Statement of responsibility, etc. |
Donald Crews ; traduccion de Gerard R. Koch. |
| 260 ## - PUBLICATION, DISTRIBUTION, ETC. (IMPRINT) |
| Place of publication, distribution, etc. |
New York, NY : |
| Name of publisher, distributor, etc. |
Scholastic, Inc., |
| Date of publication, distribution, etc. |
c1991 |
| 264 #1 - PRODUCTION, PUBLICATION, DISTRIBUTION, MANUFACTURE, AND COPYRIGHT NOTICE |
| Place of production, publication, distribution, manufacture |
New York, NY : |
| Name of producer, publisher, distributor, manufacturer |
Scholastic, Inc., |
| Date of production, publication, distribution, manufacture, or copyright notice |
[1991] |
| 264 #4 - PRODUCTION, PUBLICATION, DISTRIBUTION, MANUFACTURE, AND COPYRIGHT NOTICE |
| Date of production, publication, distribution, manufacture, or copyright notice |
c1991. |
| 300 ## - PHYSICAL DESCRIPTION |
| Extent |
1 volume (unpaged) : color illustrations ; |
| Dimensions |
20 x 25 cm |
| 336 ## - CONTENT TYPE |
| Content type term |
text |
| Content type code |
txt |
| Source |
rdacontent. |
| 385 ## - AUDIENCE CHARACTERISTICS |
| Demographic group code |
age |
| Audience term |
Children |
| Source |
lcdgt. |
| 500 ## - GENERAL NOTE |
| General note |
Translation of: School bus. |
| 520 ## - SUMMARY, ETC. |
| Summary, etc. |
Follow the progress of school buses as they take children to school and bring them home again. |
| 650 #0 - SUBJECT ADDED ENTRY--TOPICAL TERM |
| Topical term or geographic name as entry element |
School buses |
| Authority record control number |
http://id.loc.gov/authorities/subjects/sh85118291 |
| Form subdivision |
Juvenile fiction. |
| Authority record control number |
http://id.loc.gov/authorities/subjects/sh99001687. |
| 650 #0 - SUBJECT ADDED ENTRY--TOPICAL TERM |
| Topical term or geographic name as entry element |
Children's stories, American. |
| Authority record control number |
http://id.loc.gov/authorities/subjects/sh85023784. |
| 655 #0 - INDEX TERM--GENRE/FORM |
| Genre/form data or focus term |
Spanish language materials. |
| 655 #7 - INDEX TERM--GENRE/FORM |
| Genre/form data or focus term |
Fiction. |
| Source of term |
lcgft |
| Authority record control number |
http://id.loc.gov/authorities/genreForms/gf2014026339. |
| 942 ## - ADDED ENTRY ELEMENTS (KOHA) |
| Koha item type |
Libro/Book |